000 01883cam a2200433 a 4500
999 _c329909
_d329909
001 16752427
003 NUST
005 20170530135839.0
008 110427s2011 inuab b 001 0 eng c
010 _a 2011928441
016 7 _a015690536
_2Uk
020 _a9788126550838
035 _a(OCoLC)ocn670479801
040 _aBTCTA
_beng
_cBTCTA
_dYDXCP
_dPTR
_dCNNAI
_dMYG
_dTOH
_dBWX
_dOSU
_dUKMGB
_dVP@
_dDLC
042 _apcc
050 0 0 _aQA276.3
_b.Y18 2011
082 0 0 _a005.55 YAU
_223
100 1 _aYau, Nathan.
_91656
245 1 0 _aVisualize this :
_bthe FlowingData guide to design, visualization, and statistics
_cNathan Yau.
246 3 0 _aFlowingData guide to design, visualization, and statistics
260 _aIndianapolis, Ind. :
_bWiley Pub.,
_cc2011.
300 _axxvi, 358 p. :
_bcol. ill., col. maps ;
_c24 cm.
504 _aIncludes bibliographical references and index.
610 2 0 _aFlowingData.
_91657
650 0 _aStatistics
_xGraphic methods
_xData processing.
_91658
650 0 _aGraphic methods
_xComputer programs.
_91659
856 4 1 _3Table of contents only
_uhttp://www.loc.gov/catdir/enhancements/fy1210/2011928441-t.html
856 4 2 _3Contributor biographical information
_uhttp://www.loc.gov/catdir/enhancements/fy1210/2011928441-b.html
856 4 2 _3Publisher description
_uhttp://www.loc.gov/catdir/enhancements/fy1210/2011928441-d.html
906 _a7
_bcbc
_cpccadap
_d2
_encip
_f20
_gy-gencatlg
942 _2ddc
_cBK